| 000 | 00385nam a22001697a 4500 | ||
|---|---|---|---|
| 005 | 20190511164504.0 | ||
| 008 | 170401b xxu||||| |||| 00| 0 eng d | ||
| 020 | _a978-0-07-462320-6 | ||
| 041 | _aeng | ||
| 100 |
_aPELCZAR,MICHAEL.J _93751 |
||
| 245 | _aMICROBIOLOGY | ||
| 250 | _a5th | ||
| 260 |
_bMCGRAW HILL _c1986 |
||
| 300 | _a918 | ||
| 650 |
_aAGRICULTURE _92837 |
||
| 942 | _cBK | ||
| 999 |
_c5369 _d5367 |
||